| 000 | 00995nam a22002177a 4500 | ||
|---|---|---|---|
| 001 | 8135 | ||
| 003 | FISKH | ||
| 005 | 20250827152608.0 | ||
| 008 | 250827b cb ||||| |||| 00| 0 eng d | ||
| 020 | _a9781605536064 | ||
| 040 |
_aFISKH _beng _cFISKH _dFISKH |
||
| 082 | _a813 | ||
| 100 | _aAnonymous | ||
| 245 | _aWellcome Tinker Bell! / | ||
| 260 |
_aLondon : _bPil Books, _c2011. |
||
| 300 |
_a12 unnumbered pages : _bcolor illustrations ; _c28 cm |
||
| 520 | _aThe Disney Fairies Sound Book, Welcome Tinker Bell enables children to follow with Tinker Bell as she learns how to be a tinker fairy without her trusted tinker hammer. Kids can press 12 buttons on the audio module attached to the book to hear sounds from Pixie Hollow as they follow the story. Designed for children ages 18 months and older, the book also features four lenticular images that help make the Disney characters come to life. | ||
| 650 |
_aBoard Book _vDisney _xFairies |
||
| 942 |
_2ddc _cBK _n0 |
||
| 999 |
_c8135 _d8135 |
||